000 00654nam a2200217 u 4500
005 20240831063723.0
008 090220s2003 es r 000 0 spa d
020 _a8426349692
035 _aUPN01000169635
049 _aI
050 4 _aPZ75
_bZ3.7
100 1 _aZatón, Jesús,
_d1956-
_932213
245 1 3 _aUn hermano metomentodo /
_cJesús Zatón ; il. Marcelo Elizalde.
260 _aZaragoza, Esp.
_bEdelvives,
_c2003.
300 _a82 p. :
_bil.
440 0 _aAla delta.
_pAzul ;
_v22
650 4 _aHermanos y hermanas
_vLiteratura infantil
_98964
650 4 _aCuentos infantiles españoles
_97725
905 _aInfantil
999 _c141741
_d141741